000 00564nam a2200241Ia 4500
003 OSt
005 20220924145428.0
006 a|||||r|||| 00| 0
007 ta
008 220923b |||||||| |||| 00| 0 tel d
020 _c7.00
024 _a328528
037 _cTextual
040 _aARTS
_cARTS
_btel
041 _2tel
_atel
082 _aL, 35M3
100 _aSubbarao
_9219694
245 0 _aSamamlakosum vydyam
260 _c1983
650 _aMEDICINE
_94387
942 _hL, 35M3
_cTEXL
_2CC
999 _c460038
_d460038